000 00830nam a2200229 a 4500
005 20210223133513.0
008 180219s2016 ag r 000 0 spa d
020 _a9789875384798
035 _aUPN01000222983
049 _aCG
050 4 _aLB1140.5 S6
_bB7.2
100 1 _aBrugnoni, Silvia
_941498
245 1 3 _aEl abordaje de las ciencias sociales puesto en juego :
_bformatos didácticos para nivel inicial /
_cSilvia Brugnoni, Susana Gaitán, Mónica Kac.
260 _aBuenos Aires :
_bNovedades Educativas,
_c2016.
300 _a182 p. :
_bil., cuadros
440 0 _a0 a 5 : la educación en los primeros años ;
_v101
650 4 _aCIENCIAS SOCIALES -
_xESTUDIO Y ENSEÑANZA (PREESCOLAR)
_910444
700 1 _aGaitán, Susana,
_ecoaut.
700 1 _aKac, Mónica,
_ecoaut.
_941491
905 _aLibro
999 _c195080
_d195080